Building a Sustainable and Desirable Economy-in-Society-in-Nature (Record no. 24465)

MARC details
000 -LEADER
fixed length control field 00877nam a2200121Ia 4500
008 - FIXED-LENGTH DATA ELEMENTS--GENERAL INFORMATION
fixed length control field 220620s9999||||xx |||||||||||||| ||und||
100 ## - MAIN ENTRY--PERSONAL NAME
Personal name Costanza, Robert||Alperovitz, Gar||Daly, Herman||Farley, Joshua||Franco, Carol||Jackson, Tim||Kubiszewski, Ida||Schor, Juliet||Victor, Peter
245 #0 - TITLE STATEMENT
Title Building a Sustainable and Desirable Economy-in-Society-in-Nature
Remainder of title Report to the United Nations for the 2012 Rio+20 Conference
546 ## - LANGUAGE NOTE
Language note English[eng]
650 ## - SUBJECT ADDED ENTRY--TOPICAL TERM
Topical term or geographic name entry element environmental policy||economic development--environmental aspects||Ecosystem||Ecosystem services||Gross domestic product||Natural capital||Quality of life||Social capital||Well-being
856 ## - ELECTRONIC LOCATION AND ACCESS
Uniform Resource Identifier <a href="https://library.oapen.org/bitstream/20.500.12657/33515/1/462196.pdf||https://library.oapen.org/bitstream/20.500.12657/33515/1/462196.pdf||https://library.oapen.org/bitstream/20.500.12657/33515/1/462196.pdf">https://library.oapen.org/bitstream/20.500.12657/33515/1/462196.pdf||https://library.oapen.org/bitstream/20.500.12657/33515/1/462196.pdf||https://library.oapen.org/bitstream/20.500.12657/33515/1/462196.pdf</a>
942 ## - ADDED ENTRY ELEMENTS (KOHA)
Koha item type E-Books
Holdings
Withdrawn status Lost status Damaged status Not for loan Home library Current library Date acquired Total Checkouts Date last seen Price effective from Koha item type
        Kerala University of Digital Sciences, Innovation and Technology Knowledge Centre Kerala University of Digital Sciences, Innovation and Technology Knowledge Centre 20/06/2022   20/06/2022 20/06/2022 E-Books